000 00487nam a2200181Ia 4500
005 20260429111947.0
008 260429s9999||||xx |||||||||||||| ||und||
020 _a9788184113242
041 _aEnglish
082 _a540
_bMAL
100 _aMalhotra, Harsh
245 0 _aText book of engineering chemistry /
_cHarsh Malhotra
260 _aNew Delhi :
_bSonali Publications,
_c2025.
300 _a287 p.; hb
650 _a Engineering chemistry
650 _aChemistry
942 _cTB
999 _c51635
_d51635